000 00978cab a2200289 4500
001 ABS57612
008 090401t1997 xxu||||| |||| 00| 0 eng d
035 _a(Sirsi) u80945
041 _aeng
100 _aEarley, F.
245 _aRecent developments in the housing and mortgage markets
260 _c1997
350 _a0
490 _aHousing Finance
_v(35) August 1997, 5-9(5)
520 _aA commentary on the housing market of the second quarter of 1997, outlining developments within the market and assessing the likely impact of structural changes introduced since May 1997.
650 _aCOUNCIL OF MORTGAGE LENDERS
650 _aHOUSING MARKET
650 _aLABOUR GOVERNMENT
650 _aMORTGAGE INTEREST TAX RELIEF
650 _aMORTGAGE LENDERS
650 _aMORTGAGE LENDING
650 _aMORTGAGE MARKET
650 _aSTAMP DUTY
690 _aPROPERTY-RESIDENTIAL PROPERTY-RESIDENTIAL PROPERTY MARKET
942 _n0
948 _c17/09/1997
999 _c50987
_d50987